Toán và phương pháp cho trẻ làm quen với những biểu tượng sơ đẳng về toán Tài liệu chính thức đào tạo giáo viên nhà trẻ - mẫu giáo hệ sư phạm 12+2
Guardat en:
| Autor principal: | |
|---|---|
| Altres autors: | |
| Format: | Llibre |
| Idioma: | Undetermined |
| Publicat: |
H.
Giáo dục
1997
|
| Matèries: | |
| Accés en línia: | http://lrc.tdmu.edu.vn/opac/search/detail.asp?aID=2&ID=4380 |
| Etiquetes: |
Afegir etiqueta
Sense etiquetes, Sigues el primer a etiquetar aquest registre!
|
| Thư viện lưu trữ: | Trung tâm Học liệu Trường Đại học Thủ Dầu Một |
|---|
| LEADER | 00877nam a2200217Ia 4500 | ||
|---|---|---|---|
| 001 | TDMU_4380 | ||
| 008 | 210410s9999 xx 000 0 und d | ||
| 082 | |a 372.21 | ||
| 090 | |b NG527 | ||
| 100 | |a Nguyễn, Duy Thuận | ||
| 245 | 0 | |a Toán và phương pháp cho trẻ làm quen với những biểu tượng sơ đẳng về toán | |
| 245 | 0 | |b Tài liệu chính thức đào tạo giáo viên nhà trẻ - mẫu giáo hệ sư phạm 12+2 | |
| 245 | 0 | |c Nguyễn Duy Thuận | |
| 260 | |a H. | ||
| 260 | |b Giáo dục | ||
| 260 | |c 1997 | ||
| 300 | |a 160tr. | ||
| 650 | |a Toán |x Giảng dạy và học tập; Giáo dục mầm non |x Toán | ||
| 700 | |a Trịnh, Minh Loan | ||
| 856 | |u http://lrc.tdmu.edu.vn/opac/search/detail.asp?aID=2&ID=4380 | ||
| 980 | |a Trung tâm Học liệu Trường Đại học Thủ Dầu Một | ||